000 00434cam a2200181ua 4500
020 _c$ 4.50
041 _aeng
_h
082 _a330.153
_bOSE/MU
100 _aOser, Jacob .
245 _aMust men starve /
_cJacob Oser.
_hTextual Documents
250 _a1 /
_b.
260 _aNewyork :
_bAbelard-Schuman Limited ,
_c1957.
300 _a331 ; .
365 _a$ 4.50
504 _a
942 _cBK
999 _c12105
_d12105